000 00590cam a22002173a 4500
001 40969
003 PGUSA
005 20140828083924.0
008 121007s2012||||xxu|||||s|||||000 | eng d
040 _aPGUSA
_beng
042 _adc
050 4 _aPS
100 1 _aWalton, Bryce,
_d1918-1988
245 1 4 _aThe Mating of the Moons
_h[electronic resource] /
_cBryce Walton
260 _bProject Gutenberg,
_c2012
506 _aPublic domain in the USA.
516 _aElectronic text
830 0 _aProject Gutenberg
_v40969
856 4 0 _uhttp://www.gutenberg.org/ebooks/40969
942 _cEB
999 _c270221
_d270221